Sports Quiz

Random Sports or NFL Quiz

Multi-Sport Athletes Quiz Stats

 Plays Quiz Updated Feb 15, 2019

Support Sporcle.
Go Orange.
Score 0/30 Timer 08:00
0 Plays Today
Hint Player % Correct
Heisman-winning running back, #1 pick in NFL Draft, and All-Star Royals outfielderBo Jackson
81%
All-time great Bulls shooting guard; played minor league baseball between NBA stintsMichael Jordan
78.5%
Nine-time Pro Bowl cornerback and MLB outfielder nicknamed 'Prime Time'Deion Sanders
76.3%
Browns Hall of Fame running back also in the Lacrosse Hall of FameJim Brown
67.2%
Hall of Famer who broke baseball's color line in 1947; track star and football All-American at UCLAJackie Robinson
54.9%
Track star stripped of five medals from the 2000 Olympics who later played in the WNBAMarion Jones
51.4%
X Games champion in snowboarding and skateboarding called 'The Flying Tomato'Shaun White
49.1%
Legendary NBA center who played professional volleyball in the late-'70sWilt Chamberlain
43.8%
Native American Pro Football Hall of Famer; 1912 Olympics decathlon and pentathlon championJim Thorpe
43.3%
1982 Heisman winner, Pro Bowl running back for the Cowboys, and 1992 Olympic bobsledderHerschel Walker
39.8%
Infamous Olympic figure skater who went 3-3 as a professional boxer ('03-'04)Tonya Harding
38.5%
Heisman-winning quarterback who played point guard for the Knicks and was drafted by the BrewersCharlie Ward
37.7%
All-Star shooting guard for Celtics ('88); Blue Jays second and third baseman ('79-'81)Danny Ainge
37.7%
Iconic Bears end/coach/owner who played for the Yankees in 1919George Halas
32.8%
Controversial champion amateur wrestler, WWE wrestler, and Ultimate Fighting heavyweightBrock Lesnar
32.4%
Hint Player % Correct
Hall of Fame outfielder also drafted by the Hawks (NBA), Utah Stars (ABA), and Vikings (NFL)Dave Winfield
25.1%
Six-time All-Star center fielder who went to the Final Four as an Arizona point guard in 1988Kenny Lofton
21.3%
Olympic runner and bobsledder who won Super Bowl XX with the Bears in 1986Willie Gault
20.4%
Olympic gold medal-winning track star who won ten LPGA golf majors and was a basketball All-AmericanBabe Zaharias
18.1%
Hall of Fame starting pitcher (mostly for the Cubs and Rangers) who was also a Harlem GlobetrotterFerguson Jenkins
17.8%
Entered the Pro Football Hall of Fame in 2009; won two Olympic sprinting gold medals in 1964Bob Hayes
17.4%
Won five Olympic swimming golds and a water polo bronze, then starred in 12 'Tarzan' films (1932-'48)Johnny Weissmuller
17%
Played for Celtics and Cubs, then starred on western series 'The Rifleman' ('58-'63)Chuck Connors
16.2%
Won five tennis Grand Slam events from '56 to '58; became the first black LPGA golfer in 1963Althea Gibson
15%
Won five Olympic speed skating gold medals in 1980; raced in the Tour de France in 1986Eric Heiden
14.5%
Two-time Olympic skier and failed Eagles/Steelers wide receiverJeremy Bloom
13.3%
Hall of Fame NBA power forward for Pistons and Knicks; White Sox pitcher in '62-'63Dave DeBusschere
9%
College basketball Hall of Famer who was an 8-time All-Star shortstop for the Pirates and CardinalsDick Groat
6.9%
Won a World Series (Braves, '57) and three NBA titles (Celtics, '59-'61)Gene Conley
2.4%
Englishwoman who won five Wimbledons and an archery Olympic silver medal in 1908Lottie Dod
0.6%

From the Vault

Match the Remake/Reboot

by senordingdong

Movies 6m
How much nostalgia can Hollywood exploit this year?
Remove Ads.
Support Sporcle.
Get the best of Sporcle when you Go Orange. This ad-free experience offers more features, more stats, and more fun while also helping to support Sporcle. Thank you for becoming a member.

Show Comments

Extras

Top Quizzes Today


Score Distribution

Your Account Isn't Verified!

In order to create a playlist on Sporcle, you need to verify the email address you used during registration. Go to your Sporcle Settings to finish the process.

Report this User

Report this user for behavior that violates our Community Guidelines.

Details: